01056nam a22002897a 4500003000900000005001700009008002900026020001800055040002500073082002700098100003800125245013000163250001200293260003500305300002800340490002300368490001000391590002600401650003100427650003500458700003600493700003400529910004000563942001200603952013400615999001700749DO-SdBPM20241204092457.0180223b2001 sp a 00| 0 spa d a9788420444291 aDO-SdBPMbspacBPMSU 4a863.64bS572n 20012221 aSierra i Fabra, Jordi,d1947-94813aEl niño que vivía en las estrellas / cJordi Sierra i Fabra ; ilustraciones Carme Solé ; editora Martha Higueras Díez a10a ed. aEspaña : bAlfaguara, c2001 a108 p. :bil. ;c21 cm.0 aAlfaguara juvenil 1 aSalud aInventariado, 2024/VM 4aNovela juvenil española  4aLiteratura juvenil española 1 aSolé, Carme, eilustraciones12aHigueras Díez, Martha,eed. aVMateo V. Control de calidad. BPMSU 2ddccBK 00102ddc40708CJ-GaBPMETbBPMETd2018-02-23eFUNDIl0oBPMSU CJG 863.64 S572n 2001pBPMSU18020256r2018-02-23w2018-02-23yBK c13336d13336